Brazilian cities - Sudden Death - Statistics

General Stats
  • This quiz has been taken 60 times
  • The average score is 8 of 10
Answers on the Grid
Answers color-coded by a green-red scale on the quiz's grid according to % correct below.
Recife
Manaus
Belém
Salvador
Curitiba
Porto Alegre
Belo Horizonte
Goiânia
São Luís
Natal
Barquisimeto
Paramaribo
Praia
Cali
Malabo
Córdoba
Montluçon
Neuchâtel
Bursa
Bastia
 
Answer Stats
Answer % Correct
Porto Alegre
85%
Belém
83%
Belo Horizonte
81%
Recife
81%
Manaus
78%
Salvador
78%
Curitiba
76%
Natal
76%
Goiânia
74%
São Luís
72%
No matching quizzes found
Score Distribution
Percent of People with Each Score
Percentile by Number Answered
Your Score History
You have not taken this quiz